Limbus Company E.G.O. - Statistics

General Stats
  • This quiz has been taken 598 times
    511 since last reset
  • The average score is 55 of 91
Answer Stats
Hint Answer % Correct
Yi Sang WAW Sunshower Yi Sang
82%
Yi Sang ZAYIN Crow's Eye View Yi Sang
81%
Heathcliff WAW Binds Heathcliff
77%
Heathcliff ZAYIN Bodysack Heathcliff
77%
Outis WAW Binds Outis
76%
Ishmael WAW Blind Obsession Ishmael
75%
Faust HE Fluid Sac Faust
74%
Outis TETH Sunshower Outis
74%
Gregor ZAYIN Suddenly, One Day Gregor
73%
Sinclair ZAYIN Branch of Knowledge Sinclair
72%
Ryōshū TETH Blind Obsession Ryōshū
71%
Don Quixote HE Fluid Sac Don Quixote
71%
Don Quixote ZAYIN La Sangre de Sancho Don Quixote
71%
Ishmael ZAYIN Snagharpoon Ishmael
70%
Don Quixote WAW Yearning-Mircalla Don Quixote
70%
Meursault ZAYIN Chains of Others Meursault
68%
Yi Sang HE Dimension Shredder Yi Sang
68%
Gregor HE Solemn Lament Gregor
68%
Don Quixote HE Telepole Don Quixote
68%
Meursault WAW Yearning-Mircalla Meursault
68%
Yi Sang ZAYIN Bygone Days Yi Sang
67%
Hong Lu ZAYIN Land of Illusion Hong Lu
67%
Faust ZAYIN Representation Emitter Faust
67%
Faust WAW Everlasting Faust
66%
Hong Lu TETH Soda Hong Lu
66%
Ryōshū ZAYIN Soda Ryōshū
66%
Faust HE Telepole Faust
66%
Ryōshū HE 4th Match Flame Ryōshū
65%
Ryōshū WAW Contempt, Awe Ryōshū
65%
Yi Sang HE Fell Bullet Yi Sang
65%
Meursault TETH Regret Meursault
65%
Rodion WAW Sanguine Desire Rodion
65%
Heathcliff HE Telepole Heathcliff
65%
Yi Sang TETH 4th Match Flame Yi Sang
64%
Hong Lu HE Dimension Shredder Hong Lu
64%
Ryōshū ZAYIN Forest for the Flames Ryōshū
63%
Gregor WAW Garden of Thorns Gregor
63%
Ryōshū TETH Red Eyes Ryōshū
63%
Heathcliff ZAYIN Holiday Heathcliff
62%
Faust TETH Lasso Faust
62%
Rodion ZAYIN What is Cast Rodion
62%
Ishmael TETH Bygone Days Ishmael
61%
Heathcliff TETH Fell Bullet Heathcliff
61%
Faust TETH Hex Nail Faust
61%
Ryōshū HE Red Eyes (Open) Ryōshū
61%
Yi Sang TETH Wishing Cairn Yi Sang
61%
Meursault HE Capote Meursault
60%
Hong Lu TETH Cavernous Wailing Hong Lu
60%
Sinclair ZAYIN Cavernous Wailing Sinclair
60%
Rodion HE Hex Nail Rodion
60%
Outis HE Magic Bullet Outis
60%
Sinclair TETH Hex Nail Sinclair
59%
Hong Lu TETH Lasso Hong Lu
59%
Outis ZAYIN To Páthos Máthos Outis
59%
Don Quixote TETH Wishing Cairn Don Quixote
59%
Heathcliff TETH AEDD Heathcliff
57%
Ishmael HE Ardor Blossom Star Ishmael
57%
Outis HE Dimension Shredder Outis
57%
Gregor TETH Bygone Days Gregor
56%
Ishmael TETH Capote Ishmael
56%
Ishmael HE Wingbeat Ishmael
56%
Faust TETH 9:2 Faust
55%
Outis HE Holiday Outis
55%
Sinclair HE Lantern Sinclair
55%
Faust HE Thoracalgia Faust
55%
Rodion HE 4th Match Flame Rodion
54%
Gregor HE AEDD Gregor
54%
Don Quixote TETH Electric Screaming Don Quixote
54%
Meursault HE Pursuance Meursault
54%
Sinclair HE 9:2 Sinclair
52%
Gregor TETH Lantern Gregor
52%
Rodion HE Pursuance Rodion
52%
Ryōshū HE Thoracalgia Ryōshū
52%
Meursault TETH Electric Screaming Meursault
51%
Rodion TETH Rime Shank Rodion
51%
Ishmael TETH Roseate Desire Ishmael
51%
Ishmael HE Christmas Nightmare Ishmael
50%
Don Quixote TETH Lifetime Stew Don Quixote
50%
Hong Lu TETH Roseate Desire Hong Lu
50%
Gregor HE Christmas Nightmare Gregor
49%
Sinclair TETH Lifetime Stew Sinclair
49%
Gregor ZAYIN Legerdemain Gregor
48%
Outis HE Ebony Stem Outis
47%
Rodion WAW Indicant's Trial Rodion
47%
Heathcliff HE Ya Śūnyatā Tad Rūpam Heathcliff
47%
Outis TETH Ya Śūnyatā Tad Rūpam Outis
46%
Meursault TETH Screwloose Wallop Meursault
45%
Heathcliff HE Asymmetrical Inertia Heathcliff
43%
Sinclair TETH Impending Day Sinclair
43%
Hong Lu HE Effervescent Corrosion Hong Lu
42%
Rodion TETH Effervescent Corrosion Rodion
40%
No matching quizzes found
Score Distribution
Percent of People with Each Score
Percentile by Number Answered
Your Score History
You have not taken this quiz since the last reset